Southville International School and Colleges
Your cart is empty.
  • Cart
  • Lists
    Public lists Eva Luna New books Lux_list list_1
    Your lists Log in to create your own lists
  • Log in to your account
  • Your cookies
  • Search history
Southville International School and Colleges
  • Advanced search
  • Recent comments
  • Most popular
  • Libraries

Log in to your account

Log in with GOOGLE


If you do not have an external account, but do have a local account, you can still log in:

  1. Home
  2. MARC view: Motive for a mission :
Normal view MARC view ISBD view

Motive for a mission : (Record no. 9664)

[ view plain ]
MARC details
000 -LEADER
fixed length control field 00957cam a2200289 a 4500
001 - CONTROL NUMBER
control field 2405837
003 - CONTROL NUMBER IDENTIFIER
control field OSt
005 - DATE AND TIME OF LATEST TRANSACTION
control field 20151216084509.0
008 - FIXED-LENGTH DATA ELEMENTS--GENERAL INFORMATION
fixed length control field 860716r19861979nyuacf b 001 0 eng
010 ## - LIBRARY OF CONGRESS CONTROL NUMBER
LC control number 86018741
040 ## - CATALOGING SOURCE
Original cataloging agency DLC
Transcribing agency DLC
Modifying agency DLC
050 00 - LIBRARY OF CONGRESS CALL NUMBER
Classification number DD 247
Item number .H37D68 1971
082 00 - DEWEY DECIMAL CLASSIFICATION NUMBER
Classification number HS 940.53
Item number .H18 1979
100 2# - MAIN ENTRY--PERSONAL NAME
Personal name Douglas-Hamilton, James,
Dates associated with a name 1942-
9 (RLIN) 14562
245 10 - TITLE STATEMENT
Title Motive for a mission :
Remainder of title the story behind Rudolf Hess's flight to Britain /
Statement of responsibility, etc James Douglas-Hamilton ; with a foreword by Alan Bullock.
260 ## - PUBLICATION, DISTRIBUTION, ETC. (IMPRINT)
Place of publication, distribution, etc London :
Name of publisher, distributor, etc Transworld Publisher,
Date of publication, distribution, etc c1971.
300 ## - PHYSICAL DESCRIPTION
Extent 329 p, :
Dimensions 18 cm.
504 ## - BIBLIOGRAPHY, ETC. NOTE
Bibliography, etc includes bibliography and index.
562 ## - COPY AND VERSION IDENTIFICATION NOTE
Number of copies 1
600 10 - SUBJECT ADDED ENTRY--PERSONAL NAME
Personal name Hess, Rudolf,
Dates associated with a name 1894-1987.
9 (RLIN) 14563
600 10 - SUBJECT ADDED ENTRY--PERSONAL NAME
Personal name Haushofer, Albrecht,
Dates associated with a name 1903-1945.
9 (RLIN) 14564
650 ## - SUBJECT ADDED ENTRY--TOPICAL TERM
Topical term or geographic name as entry element Hess, Rudolf
9 (RLIN) 14565
650 ## - SUBJECT ADDED ENTRY--TOPICAL TERM
Topical term or geographic name as entry element Houshofer, Albrecht
9 (RLIN) 14566
906 ## - LOCAL DATA ELEMENT F, LDF (RLIN)
a 7
b cbc
c orignew
d 1
e ocip
f 19
g y-gencatlg
942 ## - ADDED ENTRY ELEMENTS (KOHA)
Source of classification or shelving scheme Library of Congress Classification
Koha item type Books
Holdings
Withdrawn status Lost status Source of classification or shelving scheme Damaged status Home library Current library Shelving location Date acquired Total Checkouts Full call number Barcode Date last seen Copy number Price effective from Koha item type
    Library of Congress Classification   Luxembourg Library Luxembourg Library High School Section 08/28/2013   DD 247 .H37D68 1971 0142 08/05/2024 1 08/28/2013 Books

Motive for a mission :

APA

Douglas-Hamilton J., . (1971). Motive for a mission. London: Transworld Publisher.

Chicago

Douglas-Hamilton James, . 1971. Motive for a mission. London: Transworld Publisher.

Harvard

Douglas-Hamilton J., . (1971). Motive for a mission. London: Transworld Publisher.

MLA

Douglas-Hamilton James, . Motive for a mission. London: Transworld Publisher. 1971.

  • Place hold
  • Print
  • Cite
  • Add to your cart (remove)
  • Save record
    BIBTEX Dublin Core MARCXML MARC (non-Unicode/MARC-8) MARC (Unicode/UTF-8) MARC (Unicode/UTF-8, Standard) MODS (XML) RIS
  • More searches
    Search for this title in:
    Other Libraries (WorldCat) Other Databases (Google Scholar) Online Stores (Bookfinder.com) Open Library (openlibrary.org)

Exporting to Dublin Core...

SOUTHVILLE LIBRARY

Southville International School and Colleges Library

1281 Tropical Ave. Cor. Luxembourg St., BF Homes International, Las Pinas City

Tel. No. 8256374 / 252358 Loc. 117/146

Powered by Koha